| 000 | 00440nab a2200145Ia 4500 | ||
|---|---|---|---|
| 003 | ES-SlBCS | ||
| 005 | 20210601132035.0 | ||
| 008 | 140529s1988 xxu||||| |||| 00| 0 ger d | ||
| 041 | _ager | ||
| 100 | 1 |
_aDegkwitz, Rudolf _9191175 |
|
| 245 | 0 | 0 |
_aIm Bann des Biologischen Über das Unbehagen an der Medizin _c Rudolf Degkwitz |
| 650 | 0 | 4 |
_aMedicina _914377 |
| 773 | 0 |
_tNeue Ordnung (Die) _gvol. 42, 1988, págs. 164-171 _wRev294 |
|
| 942 | _cAR | ||
| 999 |
_c573239 _d573239 |
||